<?xml version="1.0" encoding="UTF-8"?>
<record
    xmlns:xsi="http://www.w3.org/2001/XMLSchema-instance"
    xsi:schemaLocation="http://www.loc.gov/MARC21/slim http://www.loc.gov/standards/marcxml/schema/MARC21slim.xsd"
    xmlns="http://www.loc.gov/MARC21/slim">

  <leader>01176nam a2200289 i 4500</leader>
  <controlfield tag="001">181479</controlfield>
  <controlfield tag="003">ES-MaACL</controlfield>
  <controlfield tag="005">20251013215524.0</controlfield>
  <controlfield tag="008">130123s1970    sz           |||| | fre d</controlfield>
  <datafield tag="100" ind1="1" ind2=" ">
    <subfield code="a">Andersen, Bo Dan.</subfield>
    <subfield code="9">152118</subfield>
  </datafield>
  <datafield tag="245" ind1="1" ind2="3">
    <subfield code="a">Le petit livre rouge des &#xE9;coliers et lyc&#xE9;ens / Bo Dan Andersen, Soren Hansen, Jesper Jensen ; nouvelle &#xE9;dition revue et augment&#xE9;e par Soren Hansen, Jesper Jensen ; traduction et adaptation fran&#xE7;aise Lonni et Etienne Bolo ; [pr&#xE9;face de Etienne Bolo].</subfield>
  </datafield>
  <datafield tag="250" ind1=" " ind2=" ">
    <subfield code="a">Nouv. &#xE9;d. rev. et augm.</subfield>
  </datafield>
  <datafield tag="260" ind1=" " ind2=" ">
    <subfield code="a">Lausanne : </subfield>
    <subfield code="b">CEDIPS, </subfield>
    <subfield code="c">[1970]</subfield>
  </datafield>
  <datafield tag="300" ind1=" " ind2=" ">
    <subfield code="a">192 p. ; </subfield>
    <subfield code="c">13 cm.</subfield>
  </datafield>
  <datafield tag="490" ind1="1" ind2=" ">
    <subfield code="a">La taupe</subfield>
  </datafield>
  <datafield tag="650" ind1=" " ind2="4">
    <subfield code="a">Estudiantes-</subfield>
    <subfield code="z">Francia.</subfield>
    <subfield code="9">174687</subfield>
  </datafield>
  <datafield tag="650" ind1=" " ind2="4">
    <subfield code="a">Estudiantes-</subfield>
    <subfield code="x">Actitudes.</subfield>
    <subfield code="9">174688</subfield>
  </datafield>
  <datafield tag="700" ind1="1" ind2=" ">
    <subfield code="a">Hansen, Soren.</subfield>
    <subfield code="9">152119</subfield>
  </datafield>
  <datafield tag="700" ind1="1" ind2=" ">
    <subfield code="a">Jensen, Jesper.</subfield>
    <subfield code="9">152120</subfield>
  </datafield>
  <datafield tag="700" ind1="1" ind2=" ">
    <subfield code="a">Bolo, &#xC9;tienne, </subfield>
    <subfield code="d">1928-1985</subfield>
    <subfield code="9">152121</subfield>
  </datafield>
  <datafield tag="700" ind1="1" ind2=" ">
    <subfield code="a">Bolo, Lenni.</subfield>
    <subfield code="9">152122</subfield>
  </datafield>
  <datafield tag="830" ind1="1" ind2=" ">
    <subfield code="a">La taupe</subfield>
    <subfield code="9">224733</subfield>
  </datafield>
  <datafield tag="852" ind1="4" ind2=" ">
    <subfield code="a">ES-MaACL</subfield>
    <subfield code="j">N-5476    </subfield>
    <subfield code="9">188380</subfield>
    <subfield code="b">R.139470</subfield>
    <subfield code="c">DEPO1</subfield>
    <subfield code="d">Olim: N-5476</subfield>
    <subfield code="x">Legado: Jacinto Mart&#xED;nez Lacalle</subfield>
  </datafield>
  <datafield tag="903" ind1=" " ind2=" ">
    <subfield code="9">139376</subfield>
    <subfield code="a">Mart&#xED;nez Lacalle, Jacinto</subfield>
    <subfield code="e">dnr</subfield>
    <subfield code="q">1</subfield>
  </datafield>
  <datafield tag="942" ind1=" " ind2=" ">
    <subfield code="2">udc</subfield>
    <subfield code="c">MONOGRAFIA</subfield>
  </datafield>
  <datafield tag="999" ind1=" " ind2=" ">
    <subfield code="c">181479</subfield>
    <subfield code="d">181479</subfield>
  </datafield>
  <datafield tag="952" ind1=" " ind2=" ">
    <subfield code="0">0</subfield>
    <subfield code="1">0</subfield>
    <subfield code="2">udc</subfield>
    <subfield code="4">0</subfield>
    <subfield code="7">0</subfield>
    <subfield code="a">ATENEOM</subfield>
    <subfield code="b">ATENEOM</subfield>
    <subfield code="c">DEPO1</subfield>
    <subfield code="d">2013-01-23</subfield>
    <subfield code="e">LEGADO</subfield>
    <subfield code="l">0</subfield>
    <subfield code="o">A-12470</subfield>
    <subfield code="p">1190719</subfield>
    <subfield code="r">2023-02-23 00:00:00</subfield>
    <subfield code="w">2023-02-23</subfield>
    <subfield code="y">MONOGRAFIA</subfield>
  </datafield>
</record>
